Diệt côn trùng truyền bệnh

में बचाया:
ग्रंथसूची विवरण
मुख्य लेखक: Nguyễn Chác Tiến
स्वरूप: पुस्तक
भाषा:Undetermined
प्रकाशित: Hà Nội Y học 1978
विषय:
टैग : टैग जोड़ें
कोई टैग नहीं, इस रिकॉर्ड को टैग करने वाले पहले व्यक्ति बनें!
Thư viện lưu trữ: Trung tâm Học liệu Trường Đại học Cần Thơ
LEADER 00546nam a2200181Ia 4500
001 CTU_7260
008 210402s9999 xx 000 0 und d
082 |a 614.432 
082 |b T305 
100 |a Nguyễn Chác Tiến 
245 0 |a Diệt côn trùng truyền bệnh 
245 0 |c Nguyễn Chác Tiến 
260 |a Hà Nội 
260 |b Y học 
260 |c 1978 
650 |a public health,tropical medicine 
904 |i Nguyễn Quang Điền, 960601 
980 |a Trung tâm Học liệu Trường Đại học Cần Thơ